Sankcii v otnošenii Rossii i kontrankcii Rossii v otnošenii ES i SŠA v 2014-2017gg

Sankcie vo vzťahu k Rusku a sankcie Ruska proti západným krajinám, teda k Európskej únii a USA. Boli vyvolané pripojením Krymu k Ruskej federácii a konfliktom na východe Ukrajiny. Analýza a hodnotenie daných udalostí v európskej a americkej kvalitatívnej tlači.

Gespeichert in:
Bibliographische Detailangaben
1. Verfasser: Voronkova, Marina
Format: Buchkapitel
Sprache:Russisch
Schlagworte:
Tags: Tag hinzufügen
Keine Tags, Fügen Sie das erste Tag hinzu!

MARC

LEADER 00000nla a2200000 4500
001 0234535
005 20260205070222.5
041 0 |a rus 
044 |a SK 
245 1 0 |a Sankcii v otnošenii Rossii i kontrankcii Rossii v otnošenii ES i SŠA v 2014-2017gg  |c Marina Voronkova 
520 |a Sankcie vo vzťahu k Rusku a sankcie Ruska proti západným krajinám, teda k Európskej únii a USA. Boli vyvolané pripojením Krymu k Ruskej federácii a konfliktom na východe Ukrajiny. Analýza a hodnotenie daných udalostí v európskej a americkej kvalitatívnej tlači. 
610 2 0 |a sankcie 
610 2 0 |a Rusko 
610 2 0 |a Ukrajina 
610 2 0 |a USA 
610 2 0 |a Európska únia 
610 2 0 |a politika medzinárodná 
610 2 0 |a politika obchodná 
610 2 0 |a tlač 
610 2 0 |a vzťahy obchodné 
100 1 |a Voronkova, Marina